000 00487nam a2200169 4500
003 SEACOMMC
005 20250506130808.0
008 250307b |||||||| |||| 00| 0 eng d
020 _a978-81-8371-610-9
_cRs.290.00
040 _aSEACOMMC
082 _a658.3
_bS 453
100 _a Seetharaman, S
245 1 _aHuman Resource Management /
_c S Seetharaman [and] B. Venkateswara Prasad
260 _a Hyderabad
_b Scitech Publications
_c c2007
650 _a Management
942 _cBOOK
999 _c1124
_d1124